Statistics for Countries of Europe from 1956-1964 (With Map!)

Click here to take the quiz!

General Stats

  • This quiz has been taken 7,346 times
  • The average score is 32 of 33

Answers on the Map

Answers color-coded by a green-red scale on the quiz's map according to % correct below.
 

Answer Stats

Country% Correct
Austria
99%
Belgium
99%
Denmark
99%
Finland
99%
France
99%
Greece
99%
Iceland
99%
Ireland
99%
Italy
99%
Netherlands
99%
Norway
99%
Poland
99%
Portugal
99%
Soviet Union
99%
Spain
99%
Sweden
99%
Switzerland
99%
United Kingdom
99%
Albania
98%
Andorra
98%
Bulgaria
98%
East Germany
98%
Hungary
98%
Luxembourg
98%
Monaco
98%
Romania
98%
San Marino
98%
Vatican City
98%
West Germany
98%
Liechtenstein
97%
Yugoslavia
97%
Czechoslovakia
96%
Turkey
93%

Score Distribution

Percentile by Number Answered

Percent of People with Each Score

Your Score History

You have not taken this quiz